| 000 | 00460nam a2200169Ia 4500 | ||
|---|---|---|---|
| 008 | 131103s9999 xx 000 0 und d | ||
| 040 | _aLoreto College | ||
| 041 | _aEnglish | ||
| 082 |
_aMIS _bLCBED/2104 |
||
| 245 |
_aReport of the seminar on continuing education _b University of Poona |
||
| 260 |
_aNew Delhi _bUniversity Grants Commission _c1976 |
||
| 300 |
_a76p. _c 21cm. |
||
| 650 | _aMis | ||
| 651 | _aReport | ||
| 850 | _aLCBED/MIS | ||
| 942 | _cBK | ||
| 999 |
_c34449 _d84928 |
||